Thor: Ragnarok (2017): Characters by Picture - Statistics

General Stats
  • This quiz has been taken 98 times
  • The average score is 13 of 20
Answer Stats
Picture Answer % Correct
Thor
100%
Hulk
98%
Loki
98%
Hela
97%
Heimdall
88%
Doctor Strange
83%
Black Widow
82%
Odin
82%
Valkyrie
78%
Korg
77%
Stan Lee
76%
Grandmaster
67%
Surtur
66%
Miek
40%
Skurge the Executioner
40%
Fenris
27%
Volstagg
27%
Hogun
25%
Fandral
23%
Topaz
16%
No matching quizzes found
Score Distribution
Percent of People with Each Score
Percentile by Number Answered
Your Score History
You have not taken this quiz